00389nam a2200145Ia 4500008004100000020001500041041001200056082001900068100001800087245005000105250001200155260003800167300001200205650002600217231217s9999 xx 000 0 und d a981412625x aEnglish a510 BOA;2 R1 aBoas, Mary L. 0aMathematical methods in the physical sciences a2nd ed. c2002bJohn Wiley & SonsaNew York axx, 793 aMathematical,physical